书目信息 |
| 题名: |
工作契约2.0
|
|
| 作者: | 詹森, 著 ;朱中彬 译 | |
| 分册: | ||
| 出版信息: | 北京 机械工业出版社 2003.04 |
|
| 页数: | 165页 | |
| 开本: | 24cm | |
| 丛书名: | ||
| 单 册: | ||
| 中图分类: | F272.9 | |
| 科图分类: | ||
| 主题词: | 企业--人际关系学 | |
| 电子资源: | ||
| ISBN: | 7-111-11756-5 | |
| 000 | 01026nam0 22002772 450 | |
| 001 | 192004002887 | |
| 005 | 20070911103343.48 | |
| 010 | @a7-111-11756-5@dCNY22.00 | |
| 100 | @a20070601d2003 ekmy0chiy0121 ea | |
| 101 | 1 | @achi@ceng |
| 102 | @aCN@b110000 | |
| 105 | @ay z 000yy | |
| 200 | 1 | @a工作契约2.0@Agong zuo xie yao2.0@e如何管理新生代员工@d= Work 2.0@erewriting the contrat@f(美) 比尔·詹森著@g朱中彬译@zeng |
| 210 | @a北京@c机械工业出版社@d2003.04 | |
| 215 | @a165页@d24cm | |
| 300 | @a其他题名:如何管理新生代员工 | |
| 300 | @a并列题名:Work 2.0 | |
| 330 | @a本书勾绘出了在新的契约下21世纪领导者的路标,即:接受资产革命、建立我的工作、提供对等价值以及开发非常的领导者。 | |
| 510 | 1 | @aWork 2.0@erewriting the contrat@zeng |
| 517 | 1 | @a如何管理新生代员工@Aru he guan li xin sheng dai yuan gong |
| 606 | 0 | @a企业@x人际关系学 |
| 690 | @aF272.9@v4 | |
| 701 | 1 | @a詹森,@Azhan sen,@bB.@g(Jensen, B.)@e美@4著 |
| 702 | 0 | @a朱中彬@Azhu zhong bin@4译 |
| 801 | 0 | @aCN@c20070911 |
| 905 | @aZUCC@dF272.9@eZ055 | |
| 工作契约2.0:如何管理新生代员工= Work 2.0:rewriting the contrat/(美) 比尔·詹森著/朱中彬译.-北京:机械工业出版社,2003.04 |
| 165页;24cm |
| 其他题名:如何管理新生代员工.-并列题名:Work 2.0 |
| ISBN 7-111-11756-5:CNY22.00 |
| 本书勾绘出了在新的契约下21世纪领导者的路标,即:接受资产革命、建立我的工作、提供对等价值以及开发非常的领导者。 |
| ● |
| 相关链接 |
|
|
|
正题名:工作契约2.0
索取号:F272.9/Z055
 
预约/预借
| 序号 | 登录号 | 条形码 | 馆藏地/架位号 | 状态 | 备注 |
| 1 | 621370 | 206213701 | 社科库409/409社科库 88排4列4层/ [索取号:F272.9/Z055] | 在馆 | |
| 2 | 621371 | 206213710 | 社科二线422/422社科库 13排1列1层/ [索取号:F272.9/Z055] | 在馆 | |
| 3 | 621372 | 206213729 | 社科库409/409社科库 88排4列4层/ [索取号:F272.9/Z055] | 在馆 |